000 00825nam a2200253Ia 4500
005 20250117103450.0
008 008 250103s9999 xx 000 0 eng d
020 _a9781489986795
037 _aTextbook
040 _aCSL
_beng
_cCSL
041 _aeng
_2eng
084 _aI,11:6 Q2;1
_qCSL
100 _aBass, Hank
_9731187
245 0 _aPlant cytogenetics: Genome structure and chromose function
_cBass, Hank; Birchler, James
260 _c2012
300 _ax,345p. Col.ill.
650 _a Dna and chromatin fiber based plant cytogenetics
_9733232
650 _a Plant centromeres
_9733233
650 _a Plant chromosomal deletions insertions and rearrangement
_9733234
650 _aBotany
700 _a Birchler, James
_9731189
942 _cTB
_hI,11:6 Q2;1
999 _c1237468
_d1237468